DIFFERENCE BETWEEN GOD AND LARRY ELLISON (Record no. 7495)

MARC details
000 -LEADER
fixed length control field 00359nam a2200133Ia 4500
008 - FIXED-LENGTH DATA ELEMENTS--GENERAL INFORMATION
fixed length control field 240624s9999 xx 000 0 und d
041 ## - LANGUAGE CODE
Language code of text/sound track or separate title eng
082 ## - DEWEY DECIMAL CLASSIFICATION NUMBER
Classification number 338.7610053092 WIL
100 ## - MAIN ENTRY--PERSONAL NAME
Personal name WILSON MIKE
245 ## - TITLE STATEMENT
Title DIFFERENCE BETWEEN GOD AND LARRY ELLISON
260 ## - PUBLICATION, DISTRIBUTION, ETC.
Date of publication, distribution, etc. 2003
Place of publication, distribution, etc. New York
Name of publisher, distributor, etc. Harpercollins Publisher
300 ## - PHYSICAL DESCRIPTION
Extent 398 , p. , 15 , cm.
365 ## - TRADE PRICE
Currency code
Price amount 30
Holdings
Withdrawn status Lost status Damaged status Not for loan Home library Current library Shelving location Date acquired Source of acquisition Cost, normal purchase price Full call number Barcode Date last seen Copy number Price effective from Koha item type
        IMTN IMTN Rack 13-A 11/28/2007 RBC 15.95 338.7610053092 WIL 7495 06/24/2024 41.8 06/24/2024 Books
Designed & Maintained by: LRC IMT Nagpur Contact: lrc@imtnag.ac.in© 2024. All Rights Reserved.